00702nam a2200193 a 450000100100000000500170001000800410002702000150006804000250008308200220010810000280013024500490015826000580020730000270026550000700029250000630036265000350042565000480046000004508620240409073826.0150202s2006 dr a 000 0 spa d a9945859803 aDO-SdBNPbspacBNPHU aRD863. 5bG934aco1 aGuerrero, Celio,d1951-10aColoreando a Ana y Emilio /cCelio Guerrero. aSanto Domingo :bGuerreo & Vásquez Editores,c2006. a56 p. :bil. ;c28 cm. aL a biblioteca posee tres ejemplares autográfiados por el autor aIncluye datos biográficos del autor en la contracubierta 0aCuentos infantiles dominicanos 4aInteligencia emocionalxLiteratura infantil